000
00379nam a2200145Ia 4500
003
GCL
008
140319s9999 xx 000 0 ara d
040
_a
GCL /
_c
GCL
082
0
4
_a
920.71
_b
ن ع
100
1
_a
نجاة فخرى مرسى
245
1
0
_a
عباقرة من التاريخ /
_c
نجاة فخرى مرسى
700
1
_a
انيس مرسى
300
_a
225 ص
490
_a
999
_c
44303
_d
44303